LEADER 00792cam2 22002531 450 001 SOBE00043018 005 20140509113825.0 100 $a20140509d1964 |||||ita|0103 ba 101 $aita 102 $aIT 200 0 $a1$fRiccardo Bacchelli 210 $aMilano$cMondadori$d1964 215 $a690 p.$d20 cm 461 1$1001E600200004711$12001 $a<<14: >>Teatro / Riccardo Bacchelli 700 1$aBacchelli$b, Riccardo$3AF00014070$4070$0158715 801 0$aIT$bUNISOB$c20140509$gRICA 850 $aUNISOB 852 $aUNISOB$j850|Coll|7|K$m13568 912 $aSOBE00043018 940 $aM 102 Monografia moderna SBN 941 $aW 957 $a850|Coll|7|K$b000023$i-1$gSI$d13568$1rovito$2UNISOB$3UNISOB$420140603093827.0$520140603093854.0$6rovito 996 $a1$91711670 997 $aUNISOB